000 00450nam a2200157Ia 4500
008 160316s1998 xxu||||| |||| 00| 0 eng d
082 _a347.050000
_bEXE
100 _a
245 _aThe execution of court decisions in civil cases
250 _a
260 _aStrasbourg
_bCouncil of Europe
_c1998
300 _a268p
_b
_c
365 _b
650 _a1. Civil Procedure - Court Decision - Execution - European Countires - Analysis
700 _a
_a
999 _c18212
_d18212